यूं.जी.सी. नेट : (Record no. 121432)

MARC details
000 -LEADER
fixed length control field 01242nam a22002537a 4500
005 - DATE AND TIME OF LATEST TRANSACTION
control field 20170124103214.0
010 ## - LIBRARY OF CONGRESS CONTROL NUMBER
LC control number B-234875
020 ## - INTERNATIONAL STANDARD BOOK NUMBER
Terms of availability 125.00
International Standard Book Number 8178122243
035 ## - SYSTEM CONTROL NUMBER
System control number B-234875
037 ## - SOURCE OF ACQUISITION
Source of stock number/acquisition Cen Lib/Ret
040 ## - CATALOGING SOURCE
Original cataloging agency DPL
Language of cataloging HN
082 ## - DEWEY DECIMAL CLASSIFICATION NUMBER
Classification number 330
Item number गुप्ताआ
100 ## - MAIN ENTRY--PERSONAL NAME
Personal name गुप्ता, आर
9 (RLIN) 97373
245 ## - TITLE STATEMENT
Title यूं.जी.सी. नेट :
Statement of responsibility, etc आर. गुप्ता
Remainder of title अर्थशास्त्र /
246 ## - VARYING FORM OF TITLE
Title proper/short title U.G.C. - NET : arthshastr /
Remainder of title by R. Gupta
260 ## - PUBLICATION, DISTRIBUTION, ETC. (IMPRINT)
Place of publication, distribution, etc नयी दिल्ली
Name of publisher, distributor, etc रमेश पब्लिशिंग हाउस
Date of publication, distribution, etc 2008
270 ## - ADDRESS
City नयी दिल्ली
Address 12-H, न्यू दरियागंज रोड, ट्राफिक कोतवाली के सामने
Postal code 110002
300 ## - PHYSICAL DESCRIPTION
Extent भिन्न पृष्ठ
Dimensions 20सेमी(सजिल्द )
650 ## - SUBJECT ADDED ENTRY--TOPICAL TERM
Topical term or geographic name as entry element अर्थशास्त्र--परीक्षा
General subdivision
Geographic subdivision
9 (RLIN) 91517
650 ## - SUBJECT ADDED ENTRY--TOPICAL TERM
Topical term or geographic name as entry element यूं.जी.सी. नेट - परीक्षा -- अर्थशास्त्र
9 (RLIN) 97374
650 ## - SUBJECT ADDED ENTRY--TOPICAL TERM
Topical term or geographic name as entry element exam - Economics
9 (RLIN) 97375
650 ## - SUBJECT ADDED ENTRY--TOPICAL TERM
Topical term or geographic name as entry element U.G.C.NET - exam - Economics
9 (RLIN) 97376
942 ## - ADDED ENTRY ELEMENTS (KOHA)
Source of classification or shelving scheme Dewey Decimal Classification
Koha item type Hindi Books
Classification part 330
Call number suffix गुप्ताआ
Holdings
Withdrawn status Lost status Damaged status Not for loan Home library Current library Date acquired Source of acquisition Cost, normal purchase price Total Checkouts Full call number Barcode Date last seen Copy number Cost, replacement price Price effective from Koha item type
        Central Library Central Library 06/10/2015 Cen Lib/Ref 125.00   330 गुप्ताआ B-234875 06/10/2015 1 125.00 06/10/2015 Hindi Books

© Delhi Public Library
Hit Counter
free hit counter